Boj proti alkoholismu a jiným toxikomániím Výběrová bibliografie

Bibliographic Details
Main Author: Nádvorník, Miroslav, 1921-1989 (Author)
Format: Book
Language:Undetermined
PhysicalDescription:15 s.
Published: Olomouc Státní vědecká knihovna 1978

MARC

LEADER 00000nam a2200000 a 4500
001 vtls001311537
003 SK-MaSNL
005 20260301065402.0
008 240314s1978 xx 0 und
035 |a SNK000263914 
040 |a SNK  |b slo  |c SNK  |e AACR2 
100 1 |a Nádvorník, Miroslav,  |d 1921-1989  |4 aut  |9 183926 
245 1 0 |a Boj proti alkoholismu a jiným toxikomániím  |b Výběrová bibliografie 
260 |a Olomouc  |b Státní vědecká knihovna  |c 1978 
300 |a 15 s. 
958 |a OND 
999 |c 630549  |d 632479 
952 |t P60, <04>, [BOOK], {604}  |a SNK  |b SNK  |y VYP  |7 0  |p 17A0109798  |o snkIB 40600 D1  |0 0  |1 1  |4 0  |d 1997-11-21  |l 0  |r 2005-01-02 00:00:00  |w 2026-02-23 
952 |t P60, <04>, [BOOK], {604}  |a SNK  |b SNK  |y VYP  |7 0  |p 17A0337743  |o snkIB 40600  |0 0  |1 0  |4 0  |d 2002-03-28  |l 0  |r 2005-01-02 00:00:00  |w 2026-02-23